Lidl se chová odpovědně
Minimalizácia odpadu a foodwaste. Odpadové hospodárstvo maloobchodného reťazca Lidl. Stratégia minimalizácie plytvania potravín podľa spoločnosti Lidl v Českej republike.
Gespeichert in:
| 1. Verfasser: | |
|---|---|
| Format: | Buchkapitel |
| Sprache: | Tschechisch |
| Schlagworte: | |
| Tags: |
Keine Tags, Fügen Sie das erste Tag hinzu!
|
MARC
| LEADER | 00000naa a2200000 4500 | ||
|---|---|---|---|
| 001 | 0288125 | ||
| 005 | 20240417075215.9 | ||
| 041 | 0 | |a cze | |
| 044 | |a CZ | ||
| 245 | 1 | 0 | |a Lidl se chová odpovědně |c Tomáš Myler |
| 520 | |a Minimalizácia odpadu a foodwaste. Odpadové hospodárstvo maloobchodného reťazca Lidl. Stratégia minimalizácie plytvania potravín podľa spoločnosti Lidl v Českej republike. | ||
| 610 | 2 | 0 | |a maloobchod |
| 610 | 2 | 0 | |a hospodárstvo odpadové |
| 610 | 2 | 0 | |a odpad |
| 610 | 2 | 0 | |a potraviny |
| 610 | 2 | 0 | |a udržateľnosť |
| 610 | 2 | 0 | |a plytvanie potravinami |
| 100 | 1 | |a Myler, Tomáš | |